Distilled Conclusions: The Disappearence of the Agrarian Question in El Salvador /
Kaydedildi:
| Yazar: | |
|---|---|
| Materyal Türü: | Metin |
| Konular: | |
| Etiketler: |
Etiketle
Etiket eklenmemiş, İlk siz ekleyin!
|
MARC
| LEADER | 00000 a a2200000 04500 | ||
|---|---|---|---|
| 001 | 43049 | ||
| 003 | |||
| 040 | |||
| 100 | |a Diskin, Martin | ||
| 245 | |a Distilled Conclusions: |b The Disappearence of the Agrarian Question in El Salvador / |c Martin Diskin | ||
| 650 | |a EL SALVADOR | ||
| 650 | |a AGROINDUSTRIA | ||
| 650 | |a AGRICULTURA | ||
| 650 | |a EXPORTACIONES | ||
| 650 | |a MERCADOS AGRICOLAS | ||
| 650 | |a ZONA RURAL | ||
| 650 | |a GUERRA CIVIL | ||
| 650 | |a EMPLEO | ||
| 650 | |a POBREZA | ||
| 650 | |a TENENCIA DE LA TIERRA | ||
| 650 | |a CONDICIONES ECONOMICAS | ||
| 650 | |a CONDICIONES SOCIALES | ||
| 650 | |a INDICADORES SOCIALES | ||
| 773 | |g volumen31, número2, 1996, páginas 111-126 | ||
| 999 | |c 26911 |d 26911 | ||
